000 00490nam a2200181Ia 4500
005 20250923144450.0
008 008 250917s9999 xx 000 0 eng d
037 _aTextual
040 _aDSWL
_beng
_cDSWL
041 _aeng
_2eng
084 _qDSWL
100 _aDressler, David
_9825186
245 0 _aProbation and parole
_cby David Dressler
260 _aNew York
_b Columbia Univ Press
_c1951
300 _aviii,237p.
942 _cTEXL
999 _c1439226
_d1439226